Reconfiguring colonial hierarchies: Examining the ‘European versus native wrestling’ debate in the late nineteenth-century India (Record no. 521868)

000 -LEADER
fixed length control field 01371nam a22001577a 4500
008 - FIXED-LENGTH DATA ELEMENTS--GENERAL INFORMATION
fixed length control field 230228b ||||| |||| 00| 0 eng d
100 ## - MAIN ENTRY--PERSONAL NAME
Personal name Thomas, Ajay Jacob
245 ## - TITLE STATEMENT
Title Reconfiguring colonial hierarchies: Examining the ‘European versus native wrestling’ debate in the late nineteenth-century India
260 ## - PUBLICATION, DISTRIBUTION, ETC. (IMPRINT)
Place of publication, distribution, etc The Indian Economic and Social History Review
300 ## - PHYSICAL DESCRIPTION
Extent 59(2), Apr-Jun, 2022: p.171-198
520 ## - SUMMARY, ETC.
Summary, etc The ‘empire’ as a project has always been fraught with tensions across several dimensions. And that tension is evident in the relationship between the ‘coloniser’ and the ‘colonised’ throughout the social, political and economic spectrum. At times, many of these tensions spill over in interesting ways at the most unexpected moments revealing lesser-known dimensions of the colonial relations. The 1891 wrestling match between the English Champion wrestler Tom Cannon and the Maharajah of Jodhpur’s court wrestler, Karim Bux in Calcutta, the British Indian capital, was one such moment. This article is an attempt to demonstrate how wrestling matches between a European and a native could become a flash point that it became, among other
650 ## - SUBJECT ADDED ENTRY--TOPICAL TERM
Topical term or geographic name as entry element Empire, European, Native, Wrestling, Colonialism.
9 (RLIN) 36125
773 ## - HOST ITEM ENTRY
Main entry heading The Indian Economic and Social History Review
906 ## - LOCAL DATA ELEMENT F, LDF (RLIN)
Subject DIP COLONIALISM
942 ## - ADDED ENTRY ELEMENTS (KOHA)
Item type Articles
Holdings
Withdrawn status Lost status Source of classification or shelving scheme Damaged status Not for loan Permanent location Current location Date acquired Serial Enumeration / chronology Barcode Date last seen Koha item type
          Indian Institute of Public Administration Indian Institute of Public Administration 2023-02-28 59(2), Apr-Jun, 2022: p.171-198 AR128149 2023-02-28 Articles

Powered by Koha